000 00736nam a2200205Ia 4500
001 9346
003 GE_BSU
008 181216s||||||||xx |||||||||||||| ||und||
040 _cGE_BSU
080 _a621.002.001(031)
245 _aМашиностроение. Том 6, раздел третий: технология производства машин.
245 _bЭнциклопедический словарь.
245 _cРед. совет: предс. совета и глав. ред. Е.А.Чудаков. Отв. ред. В.М.Кован.
260 _aМ.
260 _bМашгиз.
260 _c1946-1951.
300 _a548 стр. с илл. 27 см.
653 _aМашиностроение.
942 _cBK
999 _c42642
_d42642